000
00300nam a22001337a 4500
008
170816b xxu||||| |||| 00| 0 eng d
020
_a
0137096836
041
_a
eng
080
_2
3 ED
_a
51
100
_a
51
101
_a
MAT
245
_a
PRINCIPLES OF MATHEMATICS
_c
REES.P.K
942
_2
udc
_c
BK
999
_c
23707
_d
23707